| 000 | 00727nam a2200217 i 4500 | ||
|---|---|---|---|
| 001 | 188970 | ||
| 003 | ES-MaACL | ||
| 005 | 20250902063120.0 | ||
| 007 | t| | ||
| 008 | 190306s1966 sp ||||1| spa d | ||
| 100 | 1 |
_aSylos Labini, Paolo, _d1920-2005 _969238 |
|
| 245 | 1 | 0 |
_aOligopolio y progreso técnico / _cPaolo Sylos Labini ; [versión de Enrique Irazoqui]. |
| 260 |
_aVilassar de Mar : _bOikos-Tau, _c[1966] |
||
| 300 |
_a218 p. ; _c21 cm. |
||
| 490 | 1 |
_aColección "Libros de Economía Oikos" ; _v8 |
|
| 650 | 4 |
_aOligopolios. _9166558 |
|
| 700 | 0 |
_aIrazoqui, Enrique. _965429 |
|
| 830 | 0 | 0 |
_aColección "Libros de economía Oikos" _v8 _9187436 |
| 852 |
_aES-MaACL _jP-522-Ter-8 |
||
| 999 |
_c188970 _d188970 |
||